000 02450cam a22005054i 4500
003 PE-LiUPU
005 20250731173053.0
008 150706s2014 en a rb 000 0 eng d
020 _a9789004255272
035 _a(Sirsi) a241445
040 _aPE-LiUPU
_bspa
_cPE-LiUPU
_erda
049 _aPRUA
082 0 4 _a274.3
_bT4
_222
245 0 2 _aA companion to the reformation in Central Europe /
_cedited by Howard Louthan, Graeme Murdock.
264 1 _aLeiden :
_bBrill,
_c2014.
300 _a484 páginas :
_bilustraciones ;
_c24 centímetros.
336 _atext
_2rdacontent
337 _aunmediated
_2rdamedia
338 _avolume
_2rdacarrier
490 0 _aBrill´s Commpanions to the Crhristian Tradition ;
_ v61
504 _aBibliografia :después de cada cápitulo.
504 _aÍndice :páginas 475-484.
505 0 _aThe lands of the Bohemian Crown: conflict, coexistence, and the quest for the true church -- The polish-lithuanian commonwealth -- The Austrian Lands -- The kingdom of Hungary and principality of Transylvania -- Reform before reform? Religious currents in Central Europe -- Protestant reformers: Johannes Honterus, Primus truber, and Johannes a Lasco -- Antitrinitarianism -- Catholic reformers: Stanislas Hosius, Melchior Khalesl, and Péter Pázmány -- Orthodox reform in the Polish-Lithuanian commonwealth -- Communities and communication -- Social and moral discipline -- The town and the reformation as an event -- Nobles: between religious compromise and revolt -- The monarch and court in the Habsburg Land -- Education: the polish - lithuanian commonwealth -- Bibles and books: Bohemia and Hungary -- Visual cultures -- Tolerance and intolerance -- Index.
526 _aSEG42
526 _aSEG41
526 _aSEG40
526 _aSEG39
526 _aP94
526 _aP87
526 _aP86
526 _aP85
526 _aP77
526 _aP76
526 _aP35
650 0 4 _aReformas.
650 0 4 _aReforms.
700 1 _aLouthan, Howard,
_d1963- ,
_eeditor.
700 1 _aMurdock, Graeme,
_d1970- ,
_eeditor.
910 _adbm
_bwmm
_cwmm
_d20180307
942 _2ddc
_cBOOK
994 _aC0
_bPEPRU
596 _a1
999 _a274.3 T4
_wDEWEY
_c27072
_i78357
_f2021-11-11
_g3
_lCCODEBUL1
_mBUL
_p35.00
_r1
_sY
_tBOOK
_u2018-3-7
_xTEOLOGIA
_PP35
_0DONACION
_o.STAFF. Colección Teología
_d27072
980 _81
_gALBERTO SANCHEZ Responsable de Automatización